Tall buildings make a comeback (Record no. 67557)
[ view plain ]
| 000 -LEADER | |
|---|---|
| fixed length control field | 01757cam a2200241 4500 |
| 001 - CONTROL NUMBER | |
| control field | |
| 008 - FIXED-LENGTH DATA ELEMENTS--GENERAL INFORMATION | |
| fixed length control field | 000000n2001 000 0 eng u |
| 035 ## - SYSTEM CONTROL NUMBER | |
| System control number | (Sirsi) u113394 |
| 100 ## - MAIN ENTRY--PERSONAL NAME | |
| Personal name | Niven, R |
| 245 ## - TITLE STATEMENT | |
| Title | Tall buildings make a comeback |
| 260 ## - PUBLICATION, DISTRIBUTION, ETC. | |
| Date of publication, distribution, etc. | 2001 |
| 490 ## - SERIES STATEMENT | |
| Series statement | Planning (for the Natural and Built Environment) |
| Volume/sequential designation | (1424) 22 June 2001, 10(1) |
| 520 ## - SUMMARY, ETC. | |
| Summary, etc. | Considers the recent trend among architects and developers to embrace tall buildings, and discusses a leaflet produced by the Commission for Architecture and the Built Environment (CABE) and English Heritage that may curb opportunities for such developments in the future. The "Guidance on tall buildings" leaflet sets out guidelines specifying how the two advisory bodies will respond to planning applications for tall buildings, and provides evaluation criteria for proposals such as environmental impact, architectural quality, and co-existence with other buildings and the general townscape. The leaflet has been criticised for failing to provide a definition of tall buildings and being vague in its criteria for evaluation. In addition, the English Heritage's emphasis on location could mean listed building such as Centre Point would never have been built. Concludes that the guidance may prove unpopular with planning authorities who are already struggling to meet higher densities stipulated in planning guidance. |
| 600 ## - SUBJECT ADDED ENTRY--PERSONAL NAME | |
| Personal name | Tall buildings make a comeback |
| 650 ## - SUBJECT ADDED ENTRY--TOPICAL TERM | |
| Topical term or geographic name entry element | TALL BUILDINGS |
| 650 ## - SUBJECT ADDED ENTRY--TOPICAL TERM | |
| Topical term or geographic name entry element | SKYSCRAPERS |
| 650 ## - SUBJECT ADDED ENTRY--TOPICAL TERM | |
| Topical term or geographic name entry element | HIGH RISE BUILDINGS |
| 650 ## - SUBJECT ADDED ENTRY--TOPICAL TERM | |
| Topical term or geographic name entry element | PLANNING GUIDANCE |
| 650 ## - SUBJECT ADDED ENTRY--TOPICAL TERM | |
| Topical term or geographic name entry element | ENGLISH HERITAGE |
| 650 ## - SUBJECT ADDED ENTRY--TOPICAL TERM | |
| Topical term or geographic name entry element | COMMISSION FOR ARCHITECTURE AND THE BUILT ENVIRONMENT |
| 690 ## - LOCAL SUBJECT ADDED ENTRY--TOPICAL TERM (OCLC, RLIN) | |
| Topical term or geographic name as entry element | ENVIRONMENTAL AND LAND CONSULTANCY-PLANNING AND DEVELOPMENT |
| 942 ## - ADDED ENTRY ELEMENTS (KOHA) | |
| Suppress in OPAC | 0 |
| Withdrawn status | Lost status | Source of classification or shelving scheme | Damaged status | Not for loan | Home library | Current library | Shelving location | Date acquired | Total Checkouts | Full call number | Barcode | Date last seen | Copy number | Price effective from | Koha item type |
|---|---|---|---|---|---|---|---|---|---|---|---|---|---|---|---|
| Dewey Decimal Classification | London | London | Journal article | 03/07/2001 | L195467 | 113394-1001 | 06/08/2019 | 1 | 06/08/2019 | Journal article |